Tests of nonlinear dynamics in U.S. homicide time series, and their implications

Gespeichert in:  
Bibliographische Detailangaben
1. VerfasserIn: McDowall, David 1949- (Verfasst von)
Medienart: Druck Aufsatz
Sprache:Englisch
Veröffentlicht: 2002
In: Criminology
Jahr: 2002, Band: 40, Heft: 3, Seiten: 711-734
Verfügbarkeit prüfen: HBZ Gateway
Schlagwörter:

MARC

LEADER 00000caa a22000002c 4500
001 1639289828
003 DE-627
005 20220608124628.0
007 tu
008 160223s2002 xx ||||| 00| ||eng c
035 |a (DE-627)1639289828 
035 |a (DE-576)455828806 
035 |a (DE-599)BSZ455828806 
040 |a DE-627  |b ger  |c DE-627  |e rakwb 
041 |a eng 
100 1 |a McDowall, David  |d 1949-  |0 (DE-588)131526162  |0 (DE-627)510500056  |0 (DE-576)298563924  |4 aut 
109 |a McDowall, David 1949-  |a Mc Dowall, David 1949-  |a MacDowall, David 1949- 
245 1 0 |a Tests of nonlinear dynamics in U.S. homicide time series, and their implications  |c David McDowall 
264 1 |c 2002 
336 |a Text  |b txt  |2 rdacontent 
337 |a ohne Hilfsmittel zu benutzen  |b n  |2 rdamedia 
338 |a Band  |b nc  |2 rdacarrier 
773 0 8 |i In  |t Criminology  |d Hoboken, NJ : Wiley, 1970  |g 40(2002), 3, Seite 711-734  |w (DE-627)129888508  |w (DE-600)301688-2  |w (DE-576)015191346  |x 0011-1384  |7 nnas 
773 1 8 |g volume:40  |g year:2002  |g number:3  |g pages:711-734 
776 1 |o 10.1111/j.1745-9125.2002.tb00971.x 
935 |a mkri 
951 |a AR 
ELC |b 1 
LOK |0 000 xxxxxcx a22 zn 4500 
LOK |0 001 3299739174 
LOK |0 003 DE-627 
LOK |0 004 1639289828 
LOK |0 005 20250623143351 
LOK |0 008 160208||||||||||||||||ger||||||| 
LOK |0 040   |a DE-21-110  |c DE-627  |d DE-21-110 
LOK |0 689   |a s  |a Tötungsdelikte 
LOK |0 689   |a s  |a Zeitreihenanalyse 
LOK |0 689   |a g  |a USA 
LOK |0 689   |a s  |a Entwicklung 
LOK |0 689   |a s  |a Dynamik 
LOK |0 852   |a DE-21-110 
LOK |0 852 1  |m p  |9 00 
LOK |0 935   |a k110 
LOK |0 938   |k p 
LOK |0 939   |a 08-02-16  |b l01 
ORI |a SA-MARC-krimdoka001.raw